00875nam a2200217 a 450000100100000000500170001000800410002702000180006804000250008608200160011110000410012724501350016826000340030330000330033749000340037050000730040450000700047750400280054770000480057583000340062300004890420240314200928.0190501s2017 dr a r 000 0 spa d a9789945088137 aDO-SdBNPbspacBNPHU axxxxbR173c1 aRamírez, Joaquín Alberto,d1966-13aEl cortoplacismo de las reformas constitucionales dominicanas /cJoaquín Alberto Ramírez ; prólogo Wilson Gómez Ramírez. aSanto Domingo :bs.n.,c2017. aiii, 279 p. :bil. ;c24 cm.1 aFortalecimiento institucional aIncluye referencias bibliográficas y notas al pie de las páginas aIncluye datos biográficos del autor en la solapa de la cubierta aBibliografía : p. 2791 aGómez Ramírez, Wilson Sd1953-epról. 0aFortalecimiento institucional